Szélsőjobboldali tendenciák a mai Magyarországon

Elmentve itt :
Bibliográfiai részletek
Szerző: Perecz László
Adatforrás:Philobibl
Forrásdokumentuma:Ellenállók és antifasiszták
1993:május 11. p.
Dokumentumtípus: Cikk
Nyelv:magyar
Kulcsszavak:politikaelmélet
LEADER 00353nab a2200109 c 4500
001 bibPHI0036663
005 20200924123704.9
008 100127s1993 hu hun
100 1 |a Perecz László 
245 1 0 |a Szélsőjobboldali tendenciák a mai Magyarországon  |c Perecz László 
695 |a politikaelmélet 
773 0 |t Ellenállók és antifasiszták  |g 1993:május 11. p.